Normal view
MARC view
Entry Personal Name
001 - CONTROL NUMBER
- control field: 10236
003 - CONTROL NUMBER IDENTIFIER
- control field: PK-LaUMT
005 - DATE AND TIME OF LATEST TRANSACTION
- control field: 20260330112512.0
008 - FIXED-LENGTH DATA ELEMENTS
- fixed length control field: 260330|| aca||aabn | a|a d
040 ## - CATALOGING SOURCE
- Original cataloging agency: PK-LaUMT
- Transcribing agency: PK-LaUMT
100 ## - HEADING--PERSONAL NAME
- Personal name: Reeve, Johnmarshall
670 ## - SOURCE DATA FOUND
- Source citation: Work cat.: (PK-LaUMT)140266: Reeve, Johnmarshall, Understanding motivation and emotion /, 2025
